000 00519nam a22001577a 4500
005 20251108164115.0
008 250721s1987 xx 000 0 ara d
082 1 4 _a301/محم
100 1 _aبيومي، محمد أحمد
245 1 0 _aعلم الإجتماع و قضايا السياسة الإجتماعية و تشريعاتها /
264 1 _aالاسكندريه :
_bدار المعرفة الجامعية،
_c1987.
300 _a639ص
650 1 7 _aعلم الإجتماع
942 _2ddc
_cBK
999 _c3791
_d3791